000 03511nam a22002057a 4500
003 OSt
005 20260407140304.0
008 260407b |||||||| |||| 00| 0 eng d
040 _aLC
_bENG
_cLC
_dABK
_eRDA
082 _223
_a348.044
_bHIG
245 _aThe high court bulletin cited [2013]
_bA digest of judgements and orders of the supreme court of Uganda, the court of appeal of Uganda, the constitutional court of Uganda and the high court of Uganda;
_cEdited by Rose Kawesa Nalule
260 _aKampala- Uganda.
_bThe law development centre,
_c2013
300 _axxx, 112 pages
_c29 cm.
505 _a CASES REPORTED... .I- III SUBJECT MATTER... ..IV - XVIII LEGISLATION CONSIDERED. ..XIX - XXII CASES CITED.....XXIII -XXX DIGESTS...1 – 112 ACROSS AFRICA CLEARING AND FORWARDING COMPANY LIMITED s UGANDA REVENUE AUTHORITY AND SARAH A. KASHEKWA MWESIGYE (HC). ..101 ADMINISTRATOR GENERAL (SUING THROUGH) KALOLI MWEBE AND ANOTHER 's KITATTA ABUDALLA AND 11 OTHERS (HC).. ..64 BYTE LEGION TECHNOLOGIES Vs, MTN (U) LIMITED (HC)...38 CHARLES NKOJO AMOOTI Vs, KYAZZE FRANCIS, UGANDA LAND COMMISSION AND COMMISSIONER OF LAND REGISTRATION (HC)..... .45 CROWN BEVERAGES Vs. HALF LONDON ENTERPRISES LIMITED AND 2 OTHERS (HC)..... 86 DAVID BAINGANA Vs. SDV TRANSAMI (HC).... .89 DIDAS KAMUGISHA Vs. JOHN GYAGENDA (HC)..... 74 FLORENCE NAKIWALA Vs. CAROLYN BWIZA (HC)...... ..83 GIULIANO GARIGGIO Vs. CALAUDIO CASADIO (SC)... 6 GLOBAL TRUST BANK Vs. FRANK MUGISHA (HC).. ...43 HAJJI YUSUF BAGALYE AND ANOTHER Vs. DAMANICO PROPERTIES LIMITED AND ANOTHER (CC)..... .18 HENRY N. K. WABUI AND CHARLES NALWANYI Vs. ROGERS HANNS KIYONGA DDUNGU, SHAMIRA MUHAMMED ASIM AND PERCY JUBA (HC)...... ..98 IN RE: MUJUNI KENNETH, A DEBTOR (HC)..... ...80 IN THE MATTER OF AN APPLICATION FOR GUARDIANSHIP OF VALERIA NAKYONYI GOZAGA BY WALAKIRA GEORGE (FATHER OF THE ABOVE NAMED MINOR) (HC)..72 JOHN KABUGO AND 2 OTHERS Vs. TEOPIL SEMUYINDE AND ANOTHER (CA)...... ..15 JOVIA KARUHANGA Vs. THE INSPECTOR GENERAL OF GOVERNMENT AND 3 OTHERS (HC).....95 KAMPALA CAPITAL CITY AUTHORITY Vs ROBERT SSAWA SENABULYA AND SSAWA, MUTAAWE &CO ADVOCAES (HC)........55 KASULE ABDUL RAJAB AND ANOTHER VS KWONG FAT VUENHONG LIMTED (HC).....59 KAZIBWE JOHN Vs UGANDA POSTA LIMITED (HC)..... 110 M/S SLMON TENDO KABENGE ADVOCATES AND ANOTHER Vs MINERAL ACCESS SYSTEMS LIMITED (HC).....77 MUGABI EDWARD VS KAMPALA DISTRICT LAND BOARD AND WILSON EDWARD (HC)....36 NATIONAL FORESTRY AUTHORITY Vs. KASESE COBALT COMPANY LIMITED (HC).....52 NATIONAL SOCIAL SECURITY FUND AND ANOTHER Vs. ALCON INTERNATONAL LIMITED (SC).....8 NOBLE BULIDERS ( (UGANDA) LIMITED Vs. BALWINDER KAUR SANDHU (CA)... 29 PAROMBO COTTON FARMERS LIMITED Vs. UGANDA GINNERS AND COTTON EXPORTERS ASSOCIATION LIMITED (HC)....107 PATRICK OK WIR VS. CHARLES OLWA EKWARO (HC).......67 RICHARD MWAMI Vs. ATTORNEY GENERAL (CA)...26 RTD JUSTICE ALFRED N. KAROKORA Vs. ATTORNEY GENERAL (CC)......22 SARIN INDUSTRIAL CORPORATION Vs. CHARLES TWONGYERE (HC).....104 SECURITY GROUP UGANDA LIMITED Vs. EDITH BYANYIMAAND ANOTHER (HC)...41 STANBIC BANK UGANDA LIMITED Vs. MILLENIUM SUPPLIES LIMITED (HC)...49 TAREMWA ASAPH Vs UGANDA (CA)...1 YANG ZHENG JUN Vs UGANDA (CA)....3 YUNIA NAMBAFU Vs GARACE NAMAROME (HC)....92
650 _aHigh court bulletin
650 _acourt of appeal
700 _aMaureen Kemigambo
_967715
700 _aDidas Bakunzi Mufasha
_967662
942 _2ddc
_cBOOK
999 _c40188
_d40187